Normal view
MARC view
- ADVANCES IN INTERPENETRATING POLYMER NETWORKS
Entry Topical Term
001 - CONTROL NUMBER
- control field: 69570
003 - CONTROL NUMBER IDENTIFIER
- control field: NUST
005 - DATE AND TIME OF LATEST TRANSACTION
- control field: 20210628204244.0
008 - FIXED-LENGTH DATA ELEMENTS
- fixed length control field: 210628|| aca||aabn | a|a d
040 ## - CATALOGING SOURCE
- Original cataloging agency: NUST
- Transcribing agency: NUST
150 ## - HEADING--TOPICAL TERM
- Topical term or geographic name entry element: ADVANCES IN INTERPENETRATING POLYMER NETWORKS
670 ## - SOURCE DATA FOUND
- Source citation: Work cat.: (NUST): Klempner.D,Klempner, D,Frisch, K.C 69569, Advances in interpenetrating polymer networks volume 3 &4, 1991
